Les debuts de l'enseignement philosophique et de la libre pensee dans les Balkans : la vie et l'oeuvre de Theophile Corydalee (1570-1646) /

Saved in:
Bibliographic Details
Main Author: Tsourkas, Cleobule
Format: Book
Language:English
Published: Thessaloniki : Institute for Balkan Studies, 1967.
Edition:2. ed. rev. et completee.
Series:Hidryma Meletōn Chersonēsou tou Haimou (Series) ; 95.
Subjects:
LEADER 01090nam a2200241 i 4500
001 c000241117
003 CARM
005 00000000000000.0
008 840306s1967 gr 0 eng d
019 1 |a 9550353  |z 3427625  |z 41555156  |z 3427625  |z 54226513  |5 LACONCORD2021 
035 |a (OCoLC)215125427  |5 LACONCORD2021 
082 0 4 |a 199.496 
100 1 |a Tsourkas, Cleobule. 
245 1 4 |a Les debuts de l'enseignement philosophique et de la libre pensee dans les Balkans :  |b la vie et l'oeuvre de Theophile Corydalee (1570-1646) /  |c Cleobule Tsourkas. 
250 |a 2. ed. rev. et completee. 
260 |a Thessaloniki :  |b Institute for Balkan Studies,  |c 1967. 
300 |a 441p., 14 leaves of plates :  |b ill. 
490 1 |a Eksoseis ;  |v 95 
600 1 0 |a Korydalleus, Theophilos,  |d ca. 1570-1646. 
830 0 |a Hidryma Meletōn Chersonēsou tou Haimou (Series) ;  |v 95. 
852 8 |b CARM  |h A2:AQ32B0  |i C08581  |p 0321939  |f BK 
999 f f |i 42a9bd9f-f82b-5945-855a-2d0c63796f90  |s df0dd93d-765e-547f-a874-0a7206e996b0 
952 f f |p Can circulate  |a CAVAL  |b CAVAL  |c CAVAL  |d CARM 1 Store  |e C08581  |f A2:AQ32B0  |h Other scheme  |i book  |m 0321939